000 00924nam a2200217Ii 4500
003 JO-AjNU
008 230605s9999||||xx |||||||||||||| ||und||
040 _aJO-AjNU
_bara
_erda
_cJO-AjNU
041 _aara
050 1 4 _aBF637 1961
100 3 _aفرويد، سيجموند ؛ ترجمة نجاتي، محمد عثمان ,
_eauthor
_936953
245 0 0 _aالذات والغرائز
250 _aط3
264 3 1 _aالقاهرة:مكتبة النهضة المصرية ، 1961
300 _a141ص
_bمعجم لمصطلحات التحليل النفساني من ص 127-ص133 ، دليل الاعلام ص134 ، دليل الموضوعات من ص 135-ص141
336 _atext
_btxt
_2rdacontent
337 _aunmediated
_bn
_2rdamedia
338 _avolume
_bnc
_2rdacarrier
490 0 _aسلسلة مكتبة اصول التحليل النفساني
650 4 _aالغرائز-الانا-جوانب نفسية
_936954
999 _aA15398
_c18966
_d18966